Normal view MARC view
  • Pakistan.

Entry Corporate Name

Number of records used in: 6

001 - CONTROL NUMBER

  • control field: 2383

003 - CONTROL NUMBER IDENTIFIER

  • control field: NUST

005 - DATE AND TIME OF LATEST TRANSACTION

  • control field: 20170609120150.0

008 - FIXED-LENGTH DATA ELEMENTS

  • fixed length control field: 170609|| aca||aabn | a|a d

040 ## - CATALOGING SOURCE

  • Original cataloging agency: NUST
  • Transcribing agency: NUST

110 ## - HEADING--CORPORATE NAME

  • Corporate name or jurisdiction name as entry element: Pakistan.
  • Subordinate unit: Army
  • General subdivision: Political activity.

670 ## - SOURCE DATA FOUND

  • Source citation: Work cat.: (NUST)0: Sehri, Inam R., 1948- author. 2382, The living history of Pakistan /
© 2023 Central Library, National University of Sciences and Technology. All Rights Reserved.